01013nam a22002777a 4500003000900000005001700009008003100026020001500057040002200072082001700094100003200111245014200143250001200285260003100297300003000328490002200358521002600380700004200406700004000448830002200488942001200510945002800522952012600550956004200676999001700718DO-SdBNP20180221151320.0160718 1990 sp a spa d a8439289285 aBPMSUbspacBPMSU 4axxxxxbxxxxx1 aCapdevila Blanco, Francisco10aMis amigos especiales /cFrancisco Capdevila Blanco ; asesores pedagógicos Juan Carlos Carrascosa Calpena, Agustín Berrueta Jiménez a4a. ed. aMadrid : bGaviota,c1990. a[24] p. :bil. ;c22 cm. 1 aNene, Nena y Guau aA partir de 6 años.12aCarrascosa Calpena, Juan Carlosease.12aBerrueta Jiménez, Agustínease. 0aNene, Nena y Guau 2ddccBK aInventariado, 2018 / BT 00102ddc40708CI-GaBPMETbBPMETd2016-12-13eCOMPRAl0oxxxxx xxxxxpBPMSU16120292r2016-12-13v39.60w2016-12-13yBK 2YLOCKWARD3106201612138BPMSUa00144 c12412d12412